000 00735nam a2200253Ia 4500
003 OSt
005 20220923225431.0
006 a|||||r|||| 00| 0
007 ta
008 220922b |||||||| |||| 00| 0 san d
024 _a268,068
037 _cTextual
040 _aARTS
_cARTS
_bsan
041 _2san
_asan
082 _aQ111:4x1,1, 15M0
100 _aदेव स्वामि
245 0 _aआश्वलायनगृह्यसूत्रभाष्यम्
246 _aĀshvalāyanagṛuhyasūtrabhāṣhyam
260 _c1980
300 _a324पृ0
_ccm.
650 _aधर्म
942 _hQ111:4x1,1, 15M0
_cTEXL
_2CC
999 _c378277
_d378277